Statistics for North American Freshwater Fish by Picture

Click here to take the quiz!

General Stats

  • This quiz has been taken 322 times
  • The average score is 12 of 16

Answer Stats

Answer% Correct
Largemouth Bass
93%
Rainbow Trout
91%
Alligator Gar
88%
Bluegill
88%
Common Carp
88%
Northern Pike
85%
Smallmouth Bass
82%
Channel Catfish
77%
Black Crappie
76%
Muskellunge
74%
Walleye
73%
Striped Bass
69%
Peacock Bass
66%
Brown Trout
65%
Flathead Catfish
50%
Redear Sunfish
44%

Score Distribution

Percentile by Number Answered

Percent of People with Each Score

Your Score History

You have not taken this quiz